[Event "POL-chT13 DMP 2 liga corr"]
[Site "Poland"]
[Date "2001.??.??"]
[Round "?"]
[White "Strzelec, Zbigniew"]
[Black "Jedryka, Wojciech"]
[Result "0-1"]
[WhiteElo "1800"]
[BlackElo "2053"]
[PlyCount "57"]
[EventDate "2000.??.??"]
[EventType "team (corr)"]
[EventRounds "14"]
[EventCountry "POL"]
[SourceTitle "Corr 2004"]
[Source "ChessBase"]
[SourceDate "2003.04.28"]
[SourceVersion "3"]
[SourceVersionDate "2003.04.28"]
[SourceQuality "1"]

1. c4 e5 2. Nc3 Nf6 3. Nf3 Nc6 4. g3 Bb4 5. Bg2 0-0 6. 0-0 e4 7. Ne1 Bxc3 8. dxc3 Re8 9. Bg5 h6 10. Bxf6 Qxf6 11. Nc2 d6 12. Ne3 Qe7 13. Qc2 f5 14. Rad1 Ne5 15. f3 exf3 16. exf3 g6 17. f4 Nf7 18. Nd5 Qd8 19. Rfe1 Be6 20. Re2 c6 21. Rde1 cxd5 22. Rxe6 Rxe6 23. Rxe6 Nh8 24. Bxd5 Kf8 25. Qf2 Qc7 26. Qd4 Qc5 27. Rxd6 Qxd4+ 28. cxd4 Re8 29. Rd7 0-1